| 000 | 00957nam a2200289 a 4500 | ||
|---|---|---|---|
| 001 | BRCA_8549 | ||
| 005 | 20190320210328.0 | ||
| 008 | 150816s1597----sp-#######---#000-0#lat-# | ||
| 041 | _alat | ||
| 044 | _asp | ||
| 050 | 4 |
_aBX1970 _b.P76 _c1597 |
|
| 245 | 1 | 0 | _aProprivm missarvm de tempore. |
| 260 |
_aMatriti _bEx typographia regia _c1597 |
||
| 300 |
_a576 p. _c43 cm |
||
| 500 | _aFondo antiguo | ||
| 500 | _aSe encuentra en Caja Fuerte | ||
| 500 | _aW-32 | ||
| 500 | _aContiene partituras | ||
| 500 | _aLibro impreso en dos tintas negro y rojo | ||
| 500 | _aCon Ex-libris de: Franz Mayer | ||
| 500 | _aEn la cubierta se localizan dos notas | ||
| 500 | _aNota de encuadernación: en piel, cantoneras de metal, el lomo se encuentra desprendido | ||
| 506 | 0 | _aFondo reservado: para su consulta es necesario credencial de usuario y carta de motivos | |
| 650 | 1 | 4 |
_aIglesia católica _eLiturgia _vtextos _921427 |
| 902 | _aLAR | ||
| 942 |
_2lcc _cB |
||
| 999 |
_c8212 _d8212 |
||